header

Biofuel crop sustainability (Record no. 21930)

MARC details
000 -LEADER
fixed length control field 02341nam a2200337 a 4500
082 04 - DEWEY DECIMAL CLASSIFICATION NUMBER
Classification number 631.5
245 00 - TITLE STATEMENT
Title Biofuel crop sustainability
250 ## - EDITION STATEMENT
Edition statement 1st ed.
260 ## - PUBLICATION, DISTRIBUTION, ETC. (IMPRINT)
Place of publication Ames, Iowa :
Name of publisher Wiley-Blackwell,
Year of publication 2013.
300 ## - PHYSICAL DESCRIPTION
Number of Pages xii, 459 p. :
Other physical details ill.
505 0# - FORMATTED CONTENTS NOTE
Formatted contents note Biofuel crop sustainability paradigm / Bharat P. Singh -- Sustainable production of grain crops for biofuels / Abdullah A. Jaradat -- Sugarcane as an energy crop: its role in biomass economy / Rianto van Antwerpe ... [et al.] -- Sustainable cellulosic grass crops production / John H. Fike, David J. Parrish and Wonae B. Fike -- Sustainable oil crops production / C. Eynck ... [et al.] -- Short-rotation woody crop biomass production for bioenergy / Chris L. Kiser and Thomas R. Fox -- Biomass feedstock production impact on water resource availability / K.C. Stone ... [et al.] -- Biofuel crops and soil quality and erosion / Dmitri Chatskikh ... [et al.] -- Nutrient management in biofuel crop production / Rocky Lemus -- Food, farming, and land use for biofuels / J�ozsef Popp -- Biofuel crops and ecosystem services and biodiversity / Andrew Fieldsend and Hari P. Singh -- Biofuel crops and greenhouse gases / A. Hastings ... [et al.] -- Economics of biomass feedstocks and biofuels / Thein A. Maung ... [et al.] -- Geospatial modeling applications for biofuel sustainability assessment / Sudhanshu S. Panda.
650 #0 - SUBJECT ADDED ENTRY--TOPICAL TERM
Topical Term Energy crops.
Topical Term Sustainable agriculture.
700 1# - ADDED ENTRY--PERSONAL NAME
Personal name Singh, Bharat P.
856 40 - ELECTRONIC LOCATION AND ACCESS
Uniform Resource Identifier http://site.ebrary.com/lib/rucke/Doc?id=10700412

No items available.

© 2026 Rongo University
Contact us: librarian | system librarian | Rongo university